Państwa i stolice - nagła śmierć - Statystyki

Ogólne statystyki
  • Ten quiz został rozwiązany 286 razy
    280 od ostatniego zresetowania
  • Średni wynik to 16 z 35
Answers on the Grid
Answers color-coded by a green-red scale on the quiz's grid according to % correct below.
Afganistan - Tirana
Angola - Luanda
Armenia - Erywań
Azerbejdżan - Baku
Bahamy - Nassau
Bhutan - Thimphu
Bośnia i Hercegowina - Gaborone
Brunei - Gitega
Chile - Santiago
Cypr - Ndżamena
Demokratyczna Republika Konga - Santo Domingo
Egipt - Kair
Ekwador - Asmara
Erytrea - Asmara
Etiopia - Addis Abeba
Fidżi - Manali
Francja - Paryż
Gabon - Bandżul
Grecja - Akra
Gwinea - Malabo
Jemen - Sana
Jordania - Amman
Kenia - Nairobi
Kolumbia - Moroni
Korea Północna - Seul
Kostaryka - San José
Liban - Trypolis
Liechtenstein - Vaduz
Litwa - Ryga
Madagaskar - Bamako
Mauritius - Port Louis
Mikronezja - Palikir
Mołdawia - Kiszyniów
Mozambik - Maputo
Nauru - Windhuk
Nikaragua - Abudża
Nowa Zelandia - Niamey
Pakistan - Islamabad
Paragwaj - Asunción
Peru - Lima
Polska - Warszawa
Portugalia - Lizbona
Republika Południowej Afryki - Pretoria
Republika Zielonego Przylądka - Praia
Rosja - Mińsk
Rwanda - Bangi
Somalia - Mogadiszu
Sri Lanka - Chartum
Syria - Paramaribo
Szwecja - Berno
Tadżykistan - Duszanbe
Tunezja - Tunis
Ukraina - Kijów
Urugwaj - Montevideo
Uzbekistan - Kampala
Wenezuela - Port Vila
Włochy - Watykan
Wyspy Marshalla - Majuro
Wyspy Świętego Tomasza i Książęca - São Tomé
Zambia - Lusaka
 
Statystyki odpowiedzi
Odpowiedź % Poprawnych
Francja - Paryż
84%
Egipt - Kair
83%
Azerbejdżan - Baku
77%
Chile - Santiago
76%
Armenia - Erywań
74%
Kenia - Nairobi
64%
Etiopia - Addis Abeba
63%
Polska - Warszawa
59%
Liechtenstein - Vaduz
55%
Peru - Lima
55%
Portugalia - Lizbona
54%
Angola - Luanda
53%
Jordania - Amman
47%
Kostaryka - San José
47%
Mołdawia - Kiszyniów
47%
Ukraina - Kijów
46%
Bahamy - Nassau
45%
Tunezja - Tunis
45%
Bhutan - Thimphu
41%
Jemen - Sana
41%
Pakistan - Islamabad
39%
Urugwaj - Montevideo
39%
Republika Południowej Afryki - Pretoria
38%
Erytrea - Asmara
35%
Paragwaj - Asunción
34%
Somalia - Mogadiszu
30%
Tadżykistan - Duszanbe
30%
Wyspy Świętego Tomasza i Książęca - São Tomé
30%
Mozambik - Maputo
28%
Mauritius - Port Louis
27%
Zambia - Lusaka
26%
Republika Zielonego Przylądka - Praia
25%
Mikronezja - Palikir
21%
Wyspy Marshalla - Majuro
19%
Rwanda - Bangi
4%
Nie znaleziono quizów pasujących do podanych kryteriów
Rozkład punktacji
Procent ludzi z każdym wynikiem
Percentyl według liczby udzielonych odpowiedzi
Twoja historia wyników
Nie rozwiązałeś tego quizu od ostatniego zresetowania